LEADER 02150oam 22006374a 450 001 9910461389703321 005 20211004152717.0 010 $a0-295-80269-3 035 $a(CKB)3710000000465883 035 $a(EBL)3444667 035 $a(SSID)ssj0001545360 035 $a(PQKBManifestationID)16135925 035 $a(PQKBTitleCode)TC0001545360 035 $a(PQKBWorkID)12657272 035 $a(PQKB)11331338 035 $a(MiAaPQ)EBC3444667 035 $a(Au-PeEL)EBL3444667 035 $a(CaPaEBR)ebr11092813 035 $a(OCoLC)932317954 035 $a(OCoLC)1228546253 035 $a(MdBmJHUP)musev2_81511 035 $a(EXLCZ)993710000000465883 100 $a19841012e19851944 uy 0 101 0 $aeng 135 $aur|n|---||||| 181 $ctxt 182 $cc 183 $acr 200 14$aThe Wolves of Mount McKinley$fAdolph Murie 210 1$aSeattle :$cUniversity of Washington Press,$d[1985] 210 4$dİ[1985] 215 $a1 online resource (232 p.) 300 $aIncludes index. 300 $aReprint. Originally published: Washington : U.S. G.P.O., 1944. (Fauna of the National Parks of the United States. Fauna series ; no. 5). 311 $a0-295-96203-8 320 $aIncludes bibliographical references and index. 606 $aMammals$xBehavior$2fast$3(OCoLC)fst01006954 606 $aGray wolf$xBehavior$2fast$3(OCoLC)fst01750256 606 $aMammals$xBehavior$zAlaska$zDenali National Park and Preserve 606 $aGray wolf$xBehavior$zAlaska$zDenali National Park and Preserve 607 $aAlaska$zDenali National Park and Preserve$2fast 607 $aDenali National Park and Preserve (Alaska) 608 $aElectronic books. 615 0$aMammals$xBehavior. 615 0$aGray wolf$xBehavior. 615 0$aMammals$xBehavior 615 0$aGray wolf$xBehavior 676 $a599.74442 700 $aMurie$b Adolph$f1899-1974.$0859379 712 02$aAlaska Natural History Association. 801 0$bMdBmJHUP 801 1$bMdBmJHUP 906 $aBOOK 912 $a9910461389703321 996 $aThe wolves of Mount McKinley$91917932 997 $aUNINA LEADER 01618nam a2200277|i 4500 001 991003590009707536 005 20021219124218.0 008 020404s1990 ||| u u itau 035 $ab1183593x-39ule_inst 035 $aLE02736349$9ExL 040 $aDip.to Studi Giuridici$bita 082 0 $a344.45044630263 110 2 $aItalia :$bPresidenza del Consiglio dei ministri$0254944 245 10$aAggiornamento, modifiche ed integrazioni della Legge 22 dicembre 1975, n. 685, recante disciplina degli stupefacenti e sostanze psicotrope, prevenzione, cura e riabilitazione dei relativi stati di tossicodipendenza :$bLegge 26 giugno 1990,n. 162 :$bpubblicazione promossa in occasione della terza giornata mondiale contro l'abuso e il traffico delle droghe, 26 giugno 1990 260 0 $a[s. l.] :$b[s. n.],$cstampa 1990 300 $a117 p. ;$c21 cm. 490 0 $aCollana di testi e documenti ;$v4 500 $aIn testa al front.: Presidenza del Consiglio dei ministri 650 4$aDroghe$zItalia$xLegislazione 650 4$aTossicomania - Prevenzione$zItalia$xLegislazione 907 $a.b1183593x$b27-04-17$c20-12-02 912 $a991003590009707536 945 $aLE027 344.45 PCM01.01$g1$i2027000029730$lle027$nDono prof. Michele Carducci$o-$pE0.00$q-$rl$s- $t0$u3$v1$w3$x0$y.i12087300$z20-12-02 996 $aAggiornamento, modifiche ed integrazioni della Legge 22 dicembre 1975, n. 685, recante disciplina degli stupefacenti e sostanze psicotrope, prevenzione, cura e riabilitazione dei relativi stati di tossicodipendenza$9898028 997 $aUNISALENTO 998 $ale027$b01-01-02$cm$da $e-$feng$gxx $h0$i1